El tiempo de las olas (Record no. 7690)

MARC details
000 -LEADER
campo de control de longitud fija 00367nam a2200145Ia 4500
001 - NÚMERO DE CONTROL
campo de control 3944
008 - DATOS DE LONGITUD FIJA--INFORMACIÓN GENERAL
campo de control de longitud fija 241024s9999 xx 000 0 und d
020 ## - NÚMERO INTERNACIONAL ESTÁNDAR DEL LIBRO
Número Internacional Estándar del Libro 978-9945-589-41-2
082 ## - NÚMERO DE LA CLASIFICACIÓN DECIMAL DEWEY
Número de clasificación RD/868.97293/SE489t/2014
100 ## - ENTRADA PRINCIPAL--NOMBRE DE PERSONA
Nombre de persona Haffe Serulle
245 #0 - MENCIÓN DEL TÍTULO
Título El tiempo de las olas
260 ## - PUBLICACIÓN, DISTRIBUCIÓN, ETC.
Nombre del editor, distribuidor, etc. Editora Santuario
Fecha de publicación, distribución, etc. 2014
901 ## - ELEMENTOS DE DATOS A LOCAL LDA (RLIN)
a 10/3/2015 12:30:34 p.m.

No items available.

© 2024. Todos los Derechos Reservados. Desarrollado por IDEICE